000 00311nam a22001217a 4500
008 160426b xxu||||| |||| 00| 0 eng d
020 _a9780323039918
020 _a032303991
041 _aeng
080 _a618.2
245 _aNursing leadership management:
_cRobert L.Anders; James A. Hawkins;
942 _2udc
_cBK
999 _c1597
_d1597